000 00798nas a2200241 i 4500
001 2554
003 ES-MaACL
005 20250603171330.0
008 950801d1936 sp | p | 1 ||pa d
080 _a35(460)
245 0 0 _aAnuario de la vida local
_b: patrocinado por el Colegio Central del Secretariado Local de España /
_cdir., Mariano García Cortés.
260 _aMadrid :
_b[Anuario de la vida local],
_c1936-
300 _a1 v. ;
_c24 cm.
310 _aAnual
362 0 _a(1936)-
650 1 4 _aAdministración pública.
_99646
651 7 _aEspaña-
_xAdministración
_2
_9148152
700 1 _aGarcía Cortés, Mariano.
_954387
710 2 _aColegio Central del Secretariado Local de España.
_9163631
852 _aES-MaACL
_jC-7144
866 0 _o1936.
999 _c2554
_d2554